000 00373nam a22001577a 4500
003 SGT
020 _a978-81-239-2802-9
082 _a616.075
_bR17B
100 _aBHARGAVA, SATISH.K.
245 _aTEXTBOOK OF RADIOLOGY FOR RESIDENTS & TECHNICIANS.
250 _a5TH
260 _aNEW DELHI
_bC.B.S PUB
_c2017
300 _a674
650 _aAYURVEDA
942 _2ddc
_cBK
_01
999 _c14902
_d14902